000 00493nmm a2200169Ia 4500
008 251105s9999||||xx |||||||||||||||||und||
020 _a9788496049864
041 _aspa
100 _aRivalan Guégo, Christine
245 0 _aLecturas gratas o ¿la fábrica de lectores?
264 _a[Madrid, España] :
_bCalambur,
_c2007
300 _a210 páginas
490 _aBiblioteca Litterae
650 _aCultural Studies
856 _uhttps://public.digitaliapublishing.com/a/892
942 _cCF
999 _c89699
_d89699